000 00623nam a22001937a 4500
005 20151021123427.0
010 _aENG-114038
020 _c395.00
_a9788120351431
035 _aEN-97570
037 _bDBAD/PUB
082 _a629.2
100 _aPanchal, Dhruv U.
245 _aTwo and three wheeler technology /
_cby Dhruv U. Panchal
260 _aNew Delhi
_bPHI Learning
_c2015
270 _aRimjhim House,111, Patparganj Industrial Estate
_bNew Delhi
_e 110092
300 _axiii,385p.:
_c25cm(pbk)
_bill.
500 _aIncludes bibliographical references and index
942 _2ddc
_cEN
_mPAN
_h629.2
999 _c96873
_d96873